000
00262nam a2200109Ia 4500
008
190216s9999||||xx |||||||||||||| ||und||
100
_a
Deinkar Payare
245
0
_a
Law And Practice Of Income Tax
260
_b
Sulthan Chand &co
650
_a
Commerce
942
_c
BK
999
_c
8310
_d
8310